Central Library OPAC University of Rajshahi

The matchless Orinda / (Record no. 24573)

MARC details
000 -LEADER
fixed length control field 00870cam a22002772 4500
001 - CONTROL NUMBER
control field 24573
003 - CONTROL NUMBER IDENTIFIER
rucl marc code BD-RjUL
005 - DATE AND TIME OF LATEST TRANSACTION
control field 20211209001053.0
008 - FIXED-LENGTH DATA ELEMENTS--GENERAL INFORMATION
fixed length control field 140313s1931 mauch 001 0 eng
035 ## - SYSTEM CONTROL NUMBER
System control number (BD-RjUL)24641
040 ## - CATALOGING SOURCE
Original cataloging agency DLC
Transcribing agency TJC
Modifying agency GZM
-- BD-RjUL
Language of cataloging eng
041 ## - LANGUAGE CODE
Language code of text/sound track or separate title eng
082 ## - DEWEY DECIMAL CLASSIFICATION NUMBER
Classification number 928.2
Author mark and year SOM 1931
100 1# - MAIN ENTRY--PERSONAL NAME
Personal name Souers, Philip Webster.
9 (RLIN) 75629
245 14 - TITLE STATEMENT
Title The matchless Orinda /
Statement of responsibility, etc. by Philip Webster Souers.
260 ## - PUBLICATION, DISTRIBUTION, ETC. (IMPRINT)
Place of publication, distribution, etc. Cambridge :
Name of publisher, distributor, etc. Harvard university press,
Date of publication, distribution, etc. 1931.
300 ## - PHYSICAL DESCRIPTION
Pagination viii p., 3 l., [3]-326 p. :
Illustrations front., ports., facsim. ;
Size 22 cm.
490 1# - SERIES STATEMENT
Series statement Harvard studies in English ;
Volume/sequential designation vol. V
504 ## - BIBLIOGRAPHY, ETC. NOTE
Bibliography, etc Bibliography: p. [291]-313.
600 10 - SUBJECT ADDED ENTRY--PERSONAL NAME
Personal name Philips, Katherine,
Dates associated with a name 1632-1664.
830 #0 - SERIES ADDED ENTRY--UNIFORM TITLE
Volume number/sequential designation vol. V
Uniform title Harvard studies in English ;
942 ## - ADDED ENTRY ELEMENTS (KOHA)
Source of classification or shelving scheme Dewey Decimal Classification
Koha item type Books
Holdings
Lost status Source of classification or shelving scheme Damaged status Not for loan Collection code Permanent Location Current Location Shelving location Date acquired Source of acquisition Total Checkouts Full call number Date last seen Copy number Koha item type
  Dewey Decimal Classification   Added to bundle Non-fiction Central Library, University of Rajshahi Central Library, University of Rajshahi Reading Room 24/02/1985 Asia Foundation   928.2 SOM 1931 13/03/2014 C-1 Books